Alfabetizar pra quê ? /
Gespeichert in:
| 1. Verfasser: | |
|---|---|
| Weitere Verfasser: | , , , , , , |
| Format: | Buch |
| Sprache: | Spanish |
| Veröffentlicht: |
Sao Paulo, Bl
Movimento Comunitário de Vila Remo
1985
|
| Schlagworte: | |
| Tags: |
Tag hinzufügen
Keine Tags, Fügen Sie den ersten Tag hinzu!
|
MARC
| LEADER | 00000nam a22000007a 4500 | ||
|---|---|---|---|
| 003 | cru CIDCACS/IIS | ||
| 005 | 20171030142700.0 | ||
| 008 | 170818b1985 bl ao|||||||||||| 0|spa|d | ||
| 999 | |c 40292 |d 40292 | ||
| 040 | |c cru CIDCACS/IIS | ||
| 090 | |a 06.03.04 G892a | ||
| 100 | 1 | |9 5242 |a Assis, Celia Maria de | |
| 245 | 1 | 0 | |a Alfabetizar pra quê ? / |c Grupo de Alfabetizacao Movimento Comunitário de Vila Remo, Célia Maria de Assis, Cleusa da Silva, Irma dos Santos Pamplona, Lúcia da Silva Gimaraes de Moraes, Sueli Diniz, Carlos Sergio da Silva, Marcos Alberto Castelhano Bruno, Marlene Cosme Damiao Gaudencio |
| 260 | |a Sao Paulo, Bl |b Movimento Comunitário de Vila Remo |c 1985 | ||
| 300 | |a 109 páginas | ||
| 500 | |a Colección Alforja | ||
| 650 | 1 | 0 | |9 2543 |a ALFABETIZACION |
| 650 | 1 | 0 | |9 2519 |a COMUNIDADES |
| 651 | 1 | 0 | |9 387 |a BRASIL |z Vila Remo |
| 700 | 1 | |9 5245 |a Silva, Cleusa da | |
| 700 | 1 | |9 5249 |a Diniz, Sueli | |
| 700 | 1 | |9 5248 |a Moraes, Lúcia da Silva Guimaraes de | |
| 700 | 1 | |9 5246 |a Pamplona, Irma dos Santos | |
| 700 | 1 | |9 5251 |a Silva, Carlos Sergio da | |
| 700 | 1 | |9 5252 |a Bruno, Marcos Alberto Castelhano | |
| 700 | 1 | |9 5253 |a Gaudencio, Marlene Cosme Damiao | |
| 942 | |2 ddc |c LI | ||
